Privatizácia telekomunikácií

Z obsahu: Do konca marca 2000 majú Slovenské telekomunikácie získať strategického partnera. Vstup zahraničného investora viedol k rozvoju služieb. Hodnotu ST zvyšuje majetková účasť v EuroTeli. Podiely v telekomunikáciách predáva naraz viacero štátov. Privatizácia štátnych telekomunikácií predstavuj...

Full description

Saved in:
Bibliographic Details
Main Author: Andacký, Jozef
Format: Book Chapter
Language:Slovak
Subjects:
Tags: Add Tag
No Tags, Be the first to tag this record!

MARC

LEADER 00000naa a2200000 4500
001 r035847
005 20230921103729.5
041 0 |a slo 
044 |a SK 
245 1 0 |a Privatizácia telekomunikácií  |c Jozef Andacký 
520 |a Z obsahu: Do konca marca 2000 majú Slovenské telekomunikácie získať strategického partnera. Vstup zahraničného investora viedol k rozvoju služieb. Hodnotu ST zvyšuje majetková účasť v EuroTeli. Podiely v telekomunikáciách predáva naraz viacero štátov. Privatizácia štátnych telekomunikácií predstavuje veľmi lukratívny obchod. Telekom Italia: Rozhodujúce slovo získala spoločnosť Olivetti. 
610 2 0 |a telekomunikácie 
610 2 0 |a privatizácia 
610 2 0 |a investície zahraničné 
610 2 0 |a investície zo zahraničia 
610 2 0 |a digitalizácia 
610 2 0 |a Slovensko 
610 2 0 |a Slovenské telekomunikácie, a.s. Bratislava 
100 1 |a Andacký, Jozef